Testing for genetic manipulation in plants / (Record no. 7729)

MARC details
000 -LEADER
fixed length control field 00642nam a22002297a 4500
001 - CONTROL NUMBER
control field BD-DhSAU 7729
003 - CONTROL NUMBER IDENTIFIER
control field BD-DhSAU
005 - DATE AND TIME OF LATEST TRANSACTION
control field 20150528123001.0
008 - FIXED-LENGTH DATA ELEMENTS--GENERAL INFORMATION
fixed length control field 150528b2002 ii a|||| |||| 001 0 eng d
020 ## - INTERNATIONAL STANDARD BOOK NUMBER
International Standard Book Number 0540431535
040 ## - CATALOGING SOURCE
Original cataloging agency BD-DhSAU
082 ## - DEWEY DECIMAL CLASSIFICATION NUMBER
Edition number 22
Classification number 571.2028
Item number TES
245 ## - TITLE STATEMENT
Title Testing for genetic manipulation in plants /
Statement of responsibility, etc. edited by H. F. Linskens and J. F. Jackson
260 ## - PUBLICATION, DISTRIBUTION, ETC. (IMPRINT)
Place of publication, distribution, etc. New delhi :
Name of publisher, distributor, etc. CBS publishers ,
Date of publication, distribution, etc. c2002.
300 ## - PHYSICAL DESCRIPTION
Extent xvii,194 p.:
Other physical details ill. ;
Dimensions 24 cm.
504 ## - BIBLIOGRAPHY, ETC. NOTE
Bibliography, etc Includes index
590 ## - Name of Cataloguer
Name of Cataloger IMRAN
650 ## - SUBJECT ADDED ENTRY--TOPICAL TERM
Topical term or geographic name as entry element genetic
700 ## - ADDED ENTRY--PERSONAL NAME
Personal name Linskens , H. F.
700 ## - ADDED ENTRY--PERSONAL NAME
Personal name Jackson, J. F.
942 ## - ADDED ENTRY ELEMENTS (KOHA)
Source of classification or shelving scheme Dewey Decimal Classification
Koha item type Book
Holdings
Withdrawn status Lost status Source of classification or shelving scheme Damaged status Not for loan Home library Branch Name Shelving location Date acquired Total Checkouts Full call number Barcode Date last seen Price effective from Koha item type
    Dewey Decimal Classification   Not For Loan SAU Library SAU Library Reference 11/10/2009   571.2028 TES 36123 28/05/2015 28/05/2015 Book